|
|
|
|
| LEADER |
01828cam a2200349 u 4500 |
| 001 |
10077681 |
| 003 |
upatras |
| 005 |
20210117202012.0 |
| 008 |
090806s2000 f eng |
| 020 |
|
|
|a 9004118691
|q (hbk.)
|
| 040 |
|
|
|a GR-PaULI
|c GR-PaULI
|
| 041 |
0 |
|
|a eng
|
| 082 |
1 |
4 |
|a 307.760940902
|2 22
|
| 245 |
1 |
0 |
|a Towns and their territories between late antiquity and the early Middle Ages
|c edited by G.P. Brogiolo, N. Gauthier, N. Christie
|
| 260 |
|
|
|a Leiden
|a Boston
|b Brill
|c 2000
|
| 300 |
|
|
|a xvii, 403 p.
|b ill.
|c 24 cm.
|
| 490 |
0 |
|
|a The transformation of the Roman world
|v 9
|
| 504 |
|
|
|a Includes bibliographical references and index
|
| 650 |
|
4 |
|a Πόλεις και κωμοπόλεις, Μεσαιωνικές
|x Ιστορία
|9 78279
|
| 650 |
|
4 |
|a Πολεοδομία
|x Ιστορία
|z Ευρώπη
|9 11878
|
| 650 |
|
4 |
|a Πολιτισμός, Μεσαιωνικός
|9 32133
|
| 700 |
1 |
|
|a Brogiolo, Gian Pietro
|9 78280
|
| 700 |
1 |
|
|a Gauthier, Nancy
|9 78282
|
| 700 |
1 |
|
|a Christie, Neil
|9 78283
|
| 760 |
1 |
|
|a Transformation of the Roman world
|g 9
|
| 852 |
|
|
|a GR-PaULI
|b ΠΑΤΡΑ
|b ΦΙΛΟΛΟΓΙΑ
|k ΔΑΝΕΙΖ-6
|h 307.760940902 TOW
|m 005571
|p 025000142997
|t 1
|
| 852 |
|
|
|a GR-PaULI
|b ΠΑΤΡΑ
|b ΦΙΛΟΛΟΓΙΑ
|k ΔΑΝΕΙΖ-6
|h 307.760940902 TOW
|m 005850
|p 025000144950
|t 2
|
| 942 |
|
|
|2 ddc
|
| 952 |
|
|
|0 0
|1 0
|2 ddc
|4 0
|6 307_760940902000000_TOW
|7 0
|9 80588
|a LISP
|b LISP
|c BSC
|d 2016-04-24
|i 005571
|l 0
|o 307.760940902 TOW
|p 025000142997
|r 2016-04-24 00:00:00
|t 1
|w 2016-04-24
|y BK15
|x Μεταφορά Τμήματος Φιλολογίας
|
| 952 |
|
|
|0 0
|1 0
|2 ddc
|4 0
|6 307_760940902000000_TOW
|7 0
|9 80589
|a LISP
|b LISP
|c BSC
|d 2016-04-24
|i 005850
|l 0
|o 307.760940902 TOW
|p 025000144950
|r 2016-04-24 00:00:00
|t 2
|w 2016-04-24
|y BK15
|x Μεταφορά Τμήματος Φιλολογίας
|
| 998 |
|
|
|c ELIDOC
|d 2009-08
|
| 999 |
|
|
|c 53523
|d 53523
|